Cyclisme : Cyclistes Italiens en WT et ProTeam saison 2025 - Statistiques

Statistiques générales
  • Ce quiz a été pris 38 fois
  • Le résultat moyen est 38 sur 119
Statistiques - réponses
Hint Réponse % Correct
Lidl - Trek Giulio CICCONE
84%
Lidl - Trek Jonathan MILAN
84%
Decathlon AG2R La Mondiale Andrea VENDRAME
81%
Team Visma | Lease a Bike Edoardo AFFINI
81%
INEOS Grenadiers Filippo GANNA
81%
XDS Astana Team Alberto BETTIOL
77%
Bahrain - Victorious Damiano CARUSO
74%
Arkéa - B&B Hotels Luca MOZZATO
71%
Bahrain - Victorious Antonio TIBERI
68%
Soudal - Quick Step Mattia CATTANEO
68%
UAE Team Emirates - XRG Alessandro COVI
65%
Team Solution Tech - Vini Fantini Attilio VIVIANI
65%
Lotto Elia VIVIANI
65%
Tudor Pro Cycling Team Matteo TRENTIN
65%
Lidl - Trek Simone CONSONNI
65%
Movistar Davide FORMOLO
61%
XDS Astana Team Lorenzo FORTUNATO
61%
Groupama - FDJ Lorenzo GERMANI
61%
INEOS Grenadiers Salvatore PUCCIO
61%
Arkéa - B&B Hotels Alessandro VERRE
58%
XDS Astana Team Fausto MASNADA
58%
Team Jayco AlUla Filippo ZANA
58%
Red Bull - BORA - hansgrohe Gianni MOSCON
58%
Red Bull - BORA - hansgrohe Giulio PELLIZZARI
58%
Red Bull - BORA - hansgrohe Matteo SOBRERO
58%
XDS Astana Team Christian SCARONI
55%
XDS Astana Team Davide BALLERINI
55%
EF Education-EasyPost Vincenzo ALBANESE
55%
Team Polti VisitMalta Davide PIGANZOLI
52%
Intermarché - Wanty Lorenzo ROTA
52%
Alpecin-Deceuninck Luca VERGALITO
52%
XDS Astana Team Simone VELASCO
52%
XDS Astana Team Diego ULISSI
48%
Movistar Lorenzo MILESI
48%
Q36.5 Pro Cycling Team Giacomo NIZZOLO
45%
Cofidis Stefano OLDANI
45%
Lidl - Trek Andrea BAGIOLI
42%
Team Polti VisitMalta Davide BAIS
42%
UAE Team Emirates - XRG Filippo BARONCINI
42%
Q36.5 Pro Cycling Team Matteo MOSCHETTI
42%
Team Polti VisitMalta Mattia BAIS
42%
Team Polti VisitMalta Mirco MAESTRI
42%
Tudor Pro Cycling Team Alberto DAINESE
39%
Bahrain - Victorious Andrea PASQUALON
39%
Movistar Davide CIMOLAI
39%
Red Bull - BORA - hansgrohe Giovanni ALEOTTI
39%
Bahrain - Victorious Edoardo ZAMBANINI
35%
Arkéa - B&B Hotels Giosuè EPIS
35%
Movistar Manlio MORO
35%
XDS Astana Team Nicola CONCI
35%
Intermarché - Wanty Simone PETILLI
35%
Team Jayco AlUla Alessandro DE MARCHI
32%
Soudal - Quick Step Andrea RACCAGNI NOVIERO
32%
Team Jayco AlUla Davide DE PRETTO
32%
Intermarché - Wanty Francesco BUSATTO
32%
Lidl - Trek Jacopo MOSCA
32%
Israel - Premier Tech Marco FRIGO
32%
EF Education-EasyPost Samuele BATTISTELLA
32%
Team Polti VisitMalta Gabriel RACCAGNI
29%
Intermarché - Wanty Kevin COLLEONI
29%
Team Solution Tech - Vini Fantini Kristian SBARAGLI
29%
VF Group - Bardiani CSF - Faizanè Alessandro PINARELLO
26%
VF Group - Bardiani CSF - Faizanè Enrico ZANONCELLO
26%
Soudal - Quick Step Gianmarco GAROFOLI
26%
XDS Astana Team Matteo MALUCELLI
26%
Team Polti VisitMalta Alessandro TONELLI
23%
Q36.5 Pro Cycling Team Gianluca BRAMBILLA
23%
Bahrain - Victorious Nicolò BURATTI
23%
Bahrain - Victorious Alberto BRUTTOMESSO
19%
Team Polti VisitMalta Andrea PIETROBON
19%
Bahrain - Victorious Daniel SKERL
19%
VF Group - Bardiani CSF - Faizanè Filippo FIORELLI
19%
Team Polti VisitMalta Giovanni LONARDI
19%
XDS Astana Team Michele GAZZOLI
19%
Team Polti VisitMalta Samuele ZOCCARATO
19%
Team Solution Tech - Vini Fantini Valerio CONTI
19%
VF Group - Bardiani CSF - Faizanè Alessio MARTINELLI
16%
VF Group - Bardiani CSF - Faizanè Alex TOLIO
16%
XDS Astana Team Davide TONEATTI
16%
VF Group - Bardiani CSF - Faizanè Filippo MAGLI
16%
Unibet Tietema Rockets Giovanni CARBONI
16%
VF Group - Bardiani CSF - Faizanè Luca COVILI
16%
VF Group - Bardiani CSF - Faizanè Manuele TAROZZI
16%
VF Group - Bardiani CSF - Faizanè Martin MARCELLUSI
16%
XDS Astana Team Alessandro ROMELE
13%
VF Group - Bardiani CSF - Faizanè Luca COLNAGHI
13%
VF Group - Bardiani CSF - Faizanè Luca PALETTI
13%
Q36.5 Pro Cycling Team Nicolò PARISINI
13%
VF Group - Bardiani CSF - Faizanè Andrea MONTAGNER
10%
Team Novo Nordisk Andrea PERON
10%
VF Group - Bardiani CSF - Faizanè Filippo TURCONI
10%
XDS Astana Team Florian Samuel KAJAMINI
10%
VF Group - Bardiani CSF - Faizanè Frederico BIAGINI
10%
Team Polti VisitMalta Ludovico CRESCIOLI
10%
Wagner Bazin WB Marco TIZZA
10%
Unibet Tietema Rockets Sergio MERIS
10%
Q36.5 Pro Cycling Team Walter CALZONI
10%
Team Solution Tech - Vini Fantini Davide BALDACCINI
6%
Wagner Bazin WB Davide PERSICO
6%
Team Solution Tech - Vini Fantini Filippo FORTIN
6%
Team Novo Nordisk Filippo RIDOLFO
6%
VF Group - Bardiani CSF - Faizanè Lorenzo CONFORTI
6%
Team Solution Tech - Vini Fantini Lorenzo QUARTUCCI
6%
VF Group - Bardiani CSF - Faizanè Matteo SCALCO
6%
Team Novo Nordisk Umberto POLI
6%
Team Solution Tech - Vini Fantini Alessandro IACCHI
3%
Team Novo Nordisk Alessandro PERRACCHIONE
3%
VF Group - Bardiani CSF - Faizanè Filippo CETTOLIN
3%
VF Group - Bardiani CSF - Faizanè Mattia PINAZZI
3%
Team Solution Tech - Vini Fantini Tomaso NENCINI
3%
Team Solution Tech - Vini Fantini Andrea PIRAS
0%
Team Novo Nordisk Antonio POLGA
0%
Team Polti VisitMalta Davide DE CASSAN
0%
Wagner Bazin WB Giacomo VILLA
0%
Team Solution Tech - Vini Fantini Joann ROLANDO
0%
Team Novo Nordisk Jocopo COLLADON
0%
Team Solution Tech - Vini Fantini Luca VERRANDO
0%
VF Group - Bardiani CSF - Faizanè Mattia STENICO
0%
VF Group - Bardiani CSF - Faizanè Santiago FERRARO
0%
Aucun quiz correspondant
Distribution des résultats
% des personnes avec chaque résultat
Percentile par nombre de réponses
Votre historique - résultats
Vous n’avez pas pris ce quiz